| 000 | 00473nam a2200193Ia 4500 | ||
|---|---|---|---|
| 003 | GCL | ||
| 008 | 140319s9999 xx 000 0 eng d | ||
| 040 |
_aGCL / _cGCL |
||
| 082 | 0 | 4 |
_a823.087 _bM R |
| 100 | 1 | _aMITCHELL, PRATIMA | |
| 245 | 1 | 0 |
_aRICH OR POOR / _cMITCHELL, PRATIMA |
| 260 |
_a[S.N] : _bLONGMAN ، _c1995 |
||
| 300 | _a80 P | ||
| 650 | 0 | 4 | _aENGLISH LITERATURE |
| 650 | 0 | 4 | _aLITERATURE |
| 650 | 0 | 4 | _aENGLISH FICTION |
| 650 | 0 | 4 | _aFICTION |
| 942 |
_2ddc _cBK |
||
| 999 |
_c24683 _d24683 |
||